| 000 | 00875am a2200313a 44500 | ||
|---|---|---|---|
| 003 | AR-BaBNM | ||
| 005 | 20251128211128.0 | ||
| 008 | 032120s2000 #AR|||||||||||000 | esp|| | ||
| 040 | _cAR-BaBNM | ||
| 245 | 1 | 0 |
_aLa imagen visual _bformación en artes visuales. Educación General Básica _n1 |
| 260 |
_aBarcelona _bVicens Vives _c2000 |
||
| 300 |
_a117 p. _bil., fot. |
||
| 500 | _aTodos los capítulos tienen al final cuestionario y actividades. | ||
| 650 | 4 | _aIMAGEN | |
| 650 | 4 | _aIMAGINACION | |
| 650 | 4 | _aLENGUAJE | |
| 650 | 4 | _aCOMUNICACION | |
| 650 | 4 | _aCOLOR | |
| 650 | 4 | _aESTILOS ARTISTICOS | |
| 650 | 4 | _aBIENES CULTURALES | |
| 650 | 4 | _aPUBLICIDAD | |
| 650 | 4 | _aPINTURA | |
| 700 | 1 | _aSala Plana, J. | |
| 700 | 1 | _aVallés Villanueva, J. | |
| 700 | 1 | _aLeites de Arroyo, E. | |
| 700 | 1 | _aJuanola Terradellas, R. | |
| 942 | _cBK | ||
| 998 | _cEugenia | ||
| 999 |
_c18364 _d18364 |
||